Biblioteca

Las iglesias colombianas documentan su sufrimiento y su esperanza (Registro nro. 34343)

Detalles MARC
000 -LÍDER
Campo fijo de descripción fija 01568aam a2200337 i 4500
001 - NÚMERO DE CONTROL
Campo de control 768714001
003 - IDENTIFICADOR DEL NÚMERO DE CONTROL
Campo de control CO-MdFUSB
005 - FECHA Y HORA DE LA ULTIMA TRANSACCIÓN
control field 20200810080455.0
007 - CAMPO FIJO DE DESCRIPCIÓN FIJA--INFORMACIÓN GENERAL
Campo fijo de descripción fija ta
008 - ELEMENTOS DE LONGITUD FIJA -- INFORMACIÓN GENERAL
Campo fijo de descripción fija -- Información general 200730t2009 ck acde| |||| 00| 0 spa d
020 ## - NÚMERO INTERNACIONAL NORMALIZADO PARA LIBROS
Número Internacional Normalizado del libro [No incluye ISBN]
040 ## - FUENTE DE CATALOGACIÓN
Idioma de catalogación spa.
Agencia de catalogación original CO-MdFUSB
Agencia que realiza la transcripción CO-MdFUSB
Agencia que realiza la modificación CO-MdFUSBC
Convenciones de la descripción rda
041 ## - CÓDIGO DE IDIOMA
Código de idioma para texto/pista de sonido o título separado spa
082 04 - NÚMERO DE CLASIFICACIÓN DECIMAL DEWEY
Número de la edición del Dewey 23
Número de clasificación G 278.00986
Clave de autor-Numero de item J963i
110 ## - ASIENTO PRINCIPAL--NOMBRE CORPORATIVO
Nombre corporativo o de jurisdicción como elemento de entrada Justapaz
245 14 - TÍTULO
Título del Material Las iglesias colombianas documentan su sufrimiento y su esperanza
Mención de responsabilidad, etc. / Justapaz
264 #1 - PRODUCCIÓN, PUBLICACIÓN, DISTRIBUCIÓN, MANUFACTURA, Y COPYRIGHT
Lugar de producción, publicación, distribución, manufactura Bogotá :
Nombre del productor, publicador, distribuidor CEDECOL,
Fecha de producción, publicación, distribución, manufactura, o copyright [2009]
264 #4 - PRODUCCIÓN, PUBLICACIÓN, DISTRIBUCIÓN, MANUFACTURA, Y COPYRIGHT
Fecha de producción, publicación, distribución, manufactura, o copyright © 2009
300 ## - DESCRIPCIÓN FÍSICA
Extensión 113 páginas.
Dimensiones ; 22 cm
336 ## - TIPO DE CONTENIDO
Término de tipo de contenido texto
Código de tipo de contenido txt
Fuente rdacontent
337 ## - TIPO DE MEDIO
Fuente rdamedia
Nombre del tipo de medio sin mediación
Código del tipo de medio n
338 ## - TIPO DE SOPORTE
Fuente rdacarrier
Nombre del tipo de soporte volumen
Código Tipo de soporte nc
490 1# - MENCIÓN DE SERIE
Mención de serie Un llamado profético
500 ## - NOTA GENERAL
Nota General Registro de datos tomado del 1 de enero al 31 de diciembre de 2008
505 ## - NOTA DE CONTENIDO
Nota de contenido con formato preestablecido INFORME 4: Leyendo las señales de los tiempos. Análisis del contexto 2008. -- Situaciones de violencia política. -- Una mirada a los números. -- Semillas de esperanza. --Recomendaciones -- INFORME 5: Análisis de los tiempos. Contexto internacional y nacional, 2009. -- Situaciones de violencia política. -- Una mirada cuantitativa. -- Perspectiva teológica del informe. -- Semillas de esperanza. -- Recomendaciones. -- INFORME 8: Análisis de contexto. -- Situaciones de violencia política. -- Mirada cuantitativa. -- Semillas de esperanza. -- Recomendaciones.
563 ## - NOTA DE ENCUADERNACIÓN
Nota de encuadernación Rústico
650 #0 - ASIENTO SECUNDARIO DE MATERIA - TERMINO TEMÁTICO
Término temático o nombre geográfico como elemento de entrada Sociología de la cultura
9 (RLIN) 5
830 ## - PUNTO DE ACCESO ADICIONAL DE SERIE - TÍTULO UNIFORME
Título uniforme Un llamado profético
Designación de volumen o secuencia 4 -5-8
942 ## - TIPO DE MATERIAL (KOHA)
Tipo de Item KOHA Libros General
945 ## - INFORMACIÓN LOCAL DEL REGISTRO
Catalogador JTF-925
Existencias
Estado de Material Estado de Perdido Forma de Clasificación Estado de Dañado No para Préstamo Colección Tomo Biblioteca de Origen Biblioteca Permanente Fecha de Adquisición Total de Préstamos Signatura Topográfica Código de Barras Última vez visto Ejemplar/Existencia Fecha de Remplazo Tipo de Material Área Última vez Préstado
    Dewey Decimal Classification     Colección General   Biblioteca FUSBC Biblioteca FUSBC 14/10/2011   G 278.00986 J963i 4218 08/09/2023 Vol.4 26/01/2016 Libros General    
    Dewey Decimal Classification     Colección General   Biblioteca FUSBC Biblioteca FUSBC 14/10/2011   G 278.00986 J963i 21215 08/09/2023 Vol.5 26/01/2016 Libros General TEOLOGÍA SOCIAL  
    Dewey Decimal Classification     Colección General   Biblioteca FUSBC Biblioteca FUSBC 14/10/2011 1 G 278.00986 J963i 21216 08/09/2023 Vol.8 26/01/2016 Libros General TEOLOGÍA SOCIAL 29/03/2022

Biblioteca FUSBC | Teléfono: (57+4) 349 88 10 Ext. 141| WhatsApp (+57) 3005338115 
E-mail: biblioteca@unisbc.edu.co | Calle 76 87-14 Robledo Palenque, Medellín, Colombia

Con tecnología Koha